Rappers By Lyric - Statistics

General Stats
  • This quiz has been taken 8,986 times
  • The average score is 14 of 20
Answer Stats
Lyrics Rapper % Correct
His palms are sweaty, knees weak, arms are heavyThere's vomit on his sweater already, mom's spaghetti Eminem
96%
That's why I need a one dance, got a Hennessy in my handOne more time 'fore I go, higher powers taking a hold on me Drake
89%
Go, shorty, it's your birthdayWe gon' party like it's your birthday 50 Cent
86%
I still see your shadows in my roomCan't take back the love that I gave you Juice WRLD
85%
When the pimp's in the crib, maDrop it like it's hot, drop it like it's hot, drop it like it's hot Snoop Dogg
83%
Spotlight, uh, moonlight, uhN***a, why you trippin'? Get your mood right, uh XXXTENTACION
80%
I've been f****n' h**s and poppin' pilliesMan, I feel just like a rockstar (ayy, ayy) Post Malone
78%
Ayy, I remember syrup sandwiches and crime allowancesFinesse a n**** with some counterfeits, but now I'm countin’ this Kendrick Lamar
72%
Percocets (ya), molly, Percocets (Percocets)Rep the set (yee), gotta rep the set (gang, gang) Future
70%
First things first rest in peace Uncle PhilFor real, you the only father that I ever knew J. Cole
69%
Let's get lost tonightYou could be my black Kate Moss tonight Kanye West
69%
So I ball so hard, m*****f*****s wanna fine meBut first n****s gotta find me JAY-Z
66%
Since the last time you heard from me I lost some friendsWell, hell, me and Snoop, we dippin' again Dr. Dre
65%
A millionaire, I'm a Young Money millionaireTougher than Nigerian hair Lil Wayne
64%
Armed and dangerous, ain't too many can bang with usStraight up weed, no angel dust, label us notorious The Notorious B.I.G.
62%
And even as a crack fiend, mama You always was a black queen, mama 2Pac
61%
(Woo) Made this here with all the ice on in the boothAt the gate outside, when they pull up, they get me loose Travis Scott
58%
This one is for the boys with the boomin' systemTop down, AC with the cooler system Nicki Minaj
39%
Rappers I monkey flip 'em with the funky rhythm I be kickin'Musician, inflictin' composition, of pain Nas
37%
Rack city b****, rack rack city b****Ten ten ten twenties and them fifties, b**** Tyga
29%
No matching quizzes found
Score Distribution
Percent of People with Each Score
Percentile by Number Answered
Your Score History
You have not taken this quiz